| 000 | 00382nam a2200145 4500 | ||
|---|---|---|---|
| 001 | 140611 | ||
| 003 | ES-MaACL | ||
| 005 | 20230906200119.0 | ||
| 007 | t| | ||
| 008 | 070214s1964 sp r ||||1| spa d | ||
| 245 | 0 | 3 | _aEl secado de madera aserrada. |
| 260 |
_aSabadell : _bComercial Sagrera, _c1964. |
||
| 300 |
_a159 p. : _bil. ; _c21 cm. |
||
| 852 |
_aES-MaACL _jC-26577 _bR.55624 |
||
| 999 |
_c140611 _d140611 |
||